| 000 | 00643nam a2200205Ia 4500 | ||
|---|---|---|---|
| 003 | IN-BaIIA | ||
| 008 | 211028s9999 xx 000 0 eng d | ||
| 040 | _cIIA Library | ||
| 080 |
_a520.2.03 _bCOO |
||
| 100 |
_aTaylor, H. Dennis _912853 |
||
| 245 | 0 |
_aOn adjustment and testing of telescope objectives _cH. Dennis Taylor |
|
| 250 | _a2nd ed. | ||
| 260 |
_aNew York _bT.Cooke and Sons _c1896 |
||
| 300 | _a96p. | ||
| 500 | _aDonated by Mrs. Bappu | ||
| 650 | _aAstronomy and Astrophysics Thesaurus | ||
| 650 |
_aTelescopes Adjustments _912854 |
||
| 650 |
_aTelescopes Testing _912855 |
||
| 942 | _cBK | ||
| 999 |
_c7588 _d7588 |
||